000 00762nam a2200217 a 4500
001 000010176
005 20240530073911.0
008 091005s2004 dr 000 f spa d
040 _aDO-SdBNP
_bspa
_cBNPHU
082 _aRD863.44
_bG934f
100 1 _aGuerrero, Celio,
_d1951-
_921066
245 1 0 _aFortuito /
_cCelio Guerrero ; prólogo Yvelisse Prats-Ramírez de Pérez.
260 _aSanto Domingo :
_bBúho,
_c2004.
300 _a155 p. ;
_c22 cm.
500 _aIncluye datos biográficos del autor en la solapa de la cubierta
590 _aInventariado, 2019/BT
650 0 _aNovela dominicana
_9223
650 0 _aLiteratura dominicana.
_967
700 1 _aPrats-Ramírez de Pérez, Yvelisse
_epról.
_925177
910 _aValidado. Control de calidad MMOLINA
999 _c9935
_d9935